|
|
|
|
| LEADER |
00000nab a2200000 ar4500 |
| 001 |
vtls008989656 |
| 003 |
SK-MaSNL |
| 005 |
20260305011543.0 |
| 008 |
250505c2006 xo qr|p|||||||000 b|slo |
| 015 |
|
|
|a SNBRB2007/05
|
| 035 |
|
|
|a (uuid)ff19f454-5f94-42d7-92e4-3d392b81a580
|
| 035 |
|
|
|a urn:nbn:sk:snk-abadui
|
| 035 |
|
|
|a (urnnbn)urn:nbn:sk:snk:ar-a0aeem
|
| 038 |
|
|
|a SNKBUCL
|
| 040 |
|
|
|a SNKBUCL
|b slo
|c SNKBUCL
|e AACR2
|
| 041 |
0 |
|
|a eng
|b slo
|b eng
|
| 044 |
|
|
|a xo
|c SK
|
| 080 |
|
|
|a 502
|2 1997
|
| 080 |
|
|
|a 372.850.2
|2 1997
|
| 080 |
|
|
|a 504
|2 1997
|
| 080 |
|
|
|a 574
|2 1997
|
| 080 |
|
|
|a 374:504
|2 1997
|
| 100 |
1 |
|
|a Dytrtová, Radmila,
|d 1953-
|4 aut
|9 82768
|
| 245 |
1 |
0 |
|a Education Towards Sustainable Denevolepment in the Sistematic Conception of Didactics
|c Radmila Dytrtová
|
| 504 |
|
|
|a Bibliogr. odkazy
|
| 546 |
|
|
|a Res. angl., slov
|
| 650 |
0 |
7 |
|a environmentálna výchova a vzdelávanie
|2 snkbucl
|9 67556
|
| 650 |
0 |
7 |
|a trvalo udržateľný rozvoj
|2 snkbucl
|9 3353
|
| 650 |
0 |
7 |
|a ekológia
|2 snkbucl
|9 785
|
| 650 |
0 |
7 |
|a environmentalistika
|2 snkbucl
|9 787
|
| 650 |
0 |
7 |
|a didaktické koncepcie
|2 snkbucl
|9 1587536
|
| 773 |
0 |
|
|t Environmental management for education ang edification
|g Roč. III, č. 1 (2006), s. 21-31
|x 1336-5762
|
| 850 |
|
|
|a Slovenská národná knižnica
|
| 852 |
|
|
|a Slovenská národná knižnica
|
| 958 |
|
|
|a article14
|
| 958 |
|
|
|a OND
|
| 958 |
|
|
|a SK
|
| 958 |
|
|
|a NB
|
| 958 |
|
|
|a EUIPO
|
| 999 |
|
|
|c 3253580
|d 3255510
|